LEADER 00858nam0-22003131i-450- 001 990003223070403321 005 20060309163727.0 010 $a0333-10672-5 035 $a000322307 035 $aFED01000322307 035 $a(Aleph)000322307FED01 035 $a000322307 100 $a20030910d1971----km-y0itay50------ba 101 0 $aita 102 $aIT 200 1 $aToward a Sociology of Irreligion$fColin Campbell. 210 $aLondon$cMacmillan$d1971. 215 $aVIII, 171 p.$d23 cm 225 1 $aNew Perspectives in Sociology$fedited by John Wakeford 676 $a13300 676 $a13510 702 1$aCampbell,$bColin David 801 0$aIT$bUNINA$gRICA$2UNIMARC 901 $aBK 912 $a990003223070403321 952 $a13510 CAM$b4330/I$fSES 959 $aSES 996 $aToward a Sociology of Irreligion$9455006 997 $aUNINA LEADER 02046nam 2200397Ia 450 001 996397504003316 005 20200824132313.0 035 $a(CKB)4940000000061237 035 $a(EEBO)2264220167 035 $a(OCoLC)ocm24394940e 035 $a(OCoLC)24394940 035 $a(EXLCZ)994940000000061237 100 $a19910917d1547 uy | 101 0 $aeng 135 $aurbn||||a|bb| 200 10$aIniunccions geue[n] by the moste excellent prince, Edward the Sixte, by the grace of God, Kyng of England, Frau[n]ce and Irelande, defendor of the faythe, and in earthe vnder Christ, of the Churche of Englande and of Ireland, the supreme hedde$b[electronic resource] $eto all and singuler his louyng subiectes, aswell of the clergie, as of the laietie 210 $aImprinted at London $cThe laste daie of Iulii, in the first yere of the reigne of Our Souereigne Lord Kyng Eduuard the VI, by Rychard Grafton ...$d1547 215 $a[28] p 300 $aImprint from colophon. 300 $a"Cum priuilegio ad imprimendum solum"--Colophon. 300 $aSignatures: a-c4 d2. 300 $aTitle within architectural border (McK. & Ferg. 63). 300 $aIn this ed. b4r has catchword "stament", line 6 from bottom ends "they". 300 $aCopy at reel 11:4 identified on film as STC 10090. 300 $aReproductions of originals in the British Library (reel 11:4), Henry E. Huntington Library and Art Gallery (reel 1850:67), and Folger Shakespeare Library (reel 2114:30a). 330 $aeebo-0055 606 $aEcclesiastical law$zEngland 615 0$aEcclesiastical law 701 $aEdward$cKing of England,$f1537-1553.$01002269 801 0$bEBL 801 1$bEBL 801 2$bWaOLN 906 $aBOOK 912 $a996397504003316 996 $aIniunccions geue by the moste excellent prince, Edward the Sixte, by the grace of God, Kyng of England, Fraunce and Irelande, defendor of the faythe, and in earthe vnder Christ, of the Churche of Englande and of Ireland, the supreme hedde$92313183 997 $aUNISA